000 01063nam0a22002891 4500
001 RU\INFOCOMM_318\NLR\5000071786
005 20250613103659.0
035 _a(NLR Aleph) 009477225
090 _a8564592
_c8564592
100 _a20121126d1978 |||y0rusy50 ca
101 0 _aspa
102 _aRU
105 _ay z |||||
200 1 _aLos cimientos del partido: organizaciones de base
_eLa vida de partido
_ePartido y sociedad
_eLos comités del partido
_fVasili Ilin, cand. a dr. en historia
_gEL PCUS (el Partido Comunista de la Unión Soviética). Experiencias de la vida de partido
210 _aM.
_cEd. de la Agencia de prensa "Nóvosti"
_d1978
215 _a62 с.
_d17 см
300 _aВ вып. дан.: В. Ильин. Основа партии
601 0 2 _aКПСС
_2nlr_sh1
620 _aМосква
686 _aФ61(2)0,2
_2rubbk
700 1 _9z01790
_aIl'in
_bV.
_gVasilij
790 1 _9z01700
_aIlin
_bV.
_gVasili
_4070
801 1 _aRU
_bNLR
_c20121126
801 0 _aRU
_bINFOCOMM
_gPSBO
852 _aNLR
_jИп31 Д-2/102
942 _cBOOK
980 _aNB